00788nam a2200229Ia 4500003000400000005001700004008004100021020001500062040000700077041000800084082002300092100003400115245006800149260005600217300001800273365001300291440000600304906007500310942001200385999001900397952014200416OSt20230401110513.0210423s2006 xx 000 0 und d a8121926629 cAL aeng a657.046 223bPILR aPILLAI (R S N);others.981562 aFundamentals of advanced accounting: financial accountancy. V1. aNew DelhibResearch and Education Associationc2006 axiii,1261bPB b400cINR v1 aaccountancy. ; accounting: ; advanced ; financial ; Fundamentals ; V1. 2ddccBK c156757d156757 001040708MCOMaSACPGbSACPGd2009-06-01eHigginbothams Pvt Ltdg400.00l0o657.046 PILRpPG003232r2022-08-24 00:00:00w2021-04-26yBK